Gramática de la lengua espaňola

Bibliographic Details
Main Author: Alarcos Llorach, Emilio (Author)
Format: Book
Language:Spanish
PhysicalDescription:406 s. 22 cm
Published: Madrid Espasa Calpe 1994
ISBN:8423978400
Edition:6. reimpr.
Series:Nebrija y Bello
Subjects:

MARC

LEADER 00000nam a2200000 a 4500
001 vtls001221686
003 SK-MaSNL
005 20260301154542.0
008 251113s1995 ES 0 spa
020 |a 8423978400  |c [200,00] 
035 |a SNK000166899 
040 |a SNK  |b slo  |c SNK  |e AACR2 
044 |a ES 
080 |a 806.0-5  |2 1981 
100 1 |a Alarcos Llorach, Emilio  |4 aut  |9 391157 
245 1 |a Gramática de la lengua espaňola  |c Emilio Alarcos Llorach 
250 |a 6. reimpr. 
260 |a Madrid  |b Espasa Calpe  |c 1994  |g 1995 
300 |a 406 s.  |c 22 cm 
490 1 |a Nebrija y Bello 
650 0 7 |a španielčina  |2 SNKPH  |9 1358 
650 0 7 |a gramatika  |2 SNKPH  |9 865 
655 7 |a príručky  |2 SNKPH  |9 74364 
830 0 |a Nebrija y Bello  |9 391158 
919 |a 84-239-7840-0 
999 |c 797243  |d 799173 
952 |t P60, <04>, [BOOK], {604}  |a SNK  |b SNK  |y VYP  |7 0  |p 17A0008769  |o snkIC 126003  |i snkV 1527/96  |0 0  |1 0  |4 0  |d 1996-08-28  |l 0  |r 2005-01-01 00:00:00  |w 2026-02-24